000 00428nam a2200181Ia 4500
005 20250423100024.0
008 250422s9999 xx 000 0 und d
020 _a9780547722542
050 _aPS 221 .A45/
100 _aAllen, Janet
245 0 _aLiterature
260 _aFlorida
260 _bHoughton Mifflin Harcourt Publishing
260 _c2013
300 _a1379 p
650 _aAmerican literature
942 _cBK
999 _c32048
_d32048